Virtuálna registračná pokladnica - používanie

Pojem virtuálna registračná pokladnica. Novela zákona o ERP.

Salvato in:
Dettagli Bibliografici
Autore principale: Boráková, Marta
Natura: Capitolo di libro
Lingua:slovacco
Soggetti:
Tags: Aggiungi Tag
Nessun Tag, puoi essere il primo ad aggiungerne!!

MARC

LEADER 00000naa a2200000 4500
001 0197682
005 20231120130501.3
041 0 |a slo 
044 |a SK 
245 1 0 |a Virtuálna registračná pokladnica - používanie  |c Marta Boráková 
520 |a Pojem virtuálna registračná pokladnica. Novela zákona o ERP. 
610 2 0 |a pokladnice registračné 
610 2 0 |a technológie informačné 
610 2 0 |a systémy informačné 
610 2 0 |a zákony 
610 2 0 |a novelizácia 
610 2 0 |a Slovensko 
100 1 |a Boráková, Marta